| 000 | 00568pab a2200181 454500 | ||
|---|---|---|---|
| 008 | 180718b2012 xxu||||| |||| 00| 0 eng d | ||
| 100 | _aSaha, Soma | ||
| 245 | _aDependency on common property resources, poverty and environmental degradation: Empirical evidence from Bakura district in West Bengal | ||
| 260 | _c2012 | ||
| 300 | _ap.38-59. | ||
| 362 | _aApr-Jun | ||
| 650 | _aEnvironmental degradation | ||
| 650 | _aPoverty | ||
| 700 | _aKuri, Praval Kumar | ||
| 773 | _aIASSI Quarterly: Contributions to Indian Social Science | ||
| 908 | _aN | ||
| 909 | _a99721 | ||
| 999 |
_c99720 _d99720 |
||